| 000 | 00496nam a2200181Ia 4500 | ||
|---|---|---|---|
| 003 | GCL | ||
| 008 | 140319s9999 xx 000 0 ara d | ||
| 040 |
_aGCL / _cGCL |
||
| 082 | 0 | 4 |
_a813.03 _bم ف |
| 100 | 1 | _aفؤاد صروف | |
| 245 | 1 | 0 |
_aمذبح المريخ (هدية الاديب عبدالفتاح الجمل) / _cفؤاد صروف |
| 300 | _a150 | ||
| 490 |
_aاقرأ _v0 |
||
| 650 | 0 | 4 | _aالادب العربى |
| 650 | 0 | 4 | _aالادب |
| 650 | 0 | 4 | _aالقصص |
| 942 |
_2ddc _cBK |
||
| 999 |
_c40857 _d40857 |
||